| 000 | 00364nam a2200133Ia 4500 | ||
|---|---|---|---|
| 008 | 220214s9999 xx 000 0 und d | ||
| 245 | 0 | _aIPS News Bulletin | |
| 260 |
_bIndian Press Service _aNew Delhi |
||
| 310 | _aW | ||
| 500 | _aEnding Volume & Year: 40, 1990 | ||
| 500 | _aMissing Volume: 32;35-38 | ||
| 500 | _aStarting Volume & Year: 15, 1965 | ||
| 942 | _cBJ | ||
| 999 |
_c16726 _d16726 |
||